Statistics for 2016 - 2010 Final CFB AP Polls

Click here to take the quiz!

General Stats

  • This quiz has been taken 9 times
  • The average score is 63 of 70

Answer Stats

Answer% Correct
10Alabama
100%
1Alabama
100%
1Alabama
100%
1Alabama
100%
7Alabama
100%
2Alabama
100%
1Alabama
100%
8Clemson
100%
2Clemson
100%
1Clemson
100%
9Florida
100%
1Florida State
100%
10Florida State
100%
3Florida State
100%
8Florida State
100%
5Georgia
100%
10Michigan
100%
6Michigan State
100%
8Michigan State
100%
3Michigan State
100%
5Ohio State
100%
3Ohio State
100%
4Ohio State
100%
4Ohio State
100%
6Ohio State
100%
5Oklahoma
100%
6Oklahoma
100%
6Oklahoma
100%
5Oklahoma
100%
3Oklahoma State
100%
4Oregon
100%
3Oregon
100%
2Oregon
100%
9Oregon
100%
2Oregon
100%
9South Carolina
100%
4South Carolina
100%
8South Carolina
100%
7Stanford
100%
7Stanford
100%
3Stanford
100%
4Stanford
100%
6USC
100%
3USC
100%
4Washington
100%
10Arizona
83%
1Auburn
83%
2Auburn
83%
2LSU
83%
8LSU
83%
7Mississippi State
83%
4Notre Dame
83%
7Penn State
83%
6Texas A&M
83%
5Arkansas
67%
5Baylor
67%
9Boise State
67%
8Boise State
67%
8Houston
67%
9Iowa
67%
9Ole Miss
67%
10Ole Miss
67%
2TCU
67%
6TCU
67%
7TCU
67%
10UCF
67%
10Wisconsin
67%
9Wisconsin
67%
7Wisconsin
67%
5Missouri
50%

Score Distribution

Percentile by Number Answered

Percent of People with Each Score

Your Score History

You have not taken this quiz